000 nam a22 7a 4500
999 _c7696
_d7696
008 170928b xxu||||| |||| 00| 0 eng d
100 _94183
_aDhami,S.etal.
245 _aBiology-XII
260 _aNew delhi
_bPradeep
_c2009